000 00573nam a2200193Ii 4500
003 JO-AjNU
008 230605s9999||||xx |||||||||||||| ||und||
040 _aJO-AjNU
_bara
_erda
_cJO-AjNU
041 _aara
050 1 4 _a1900 RA427.R85
100 3 _a رويحة ، امين ,
_eauthor
_938838
245 0 0 _aشباب في الشيخوخة
264 3 1 _aبغداد: مكتبة النهضة، 1900
300 _a366ص
336 _atext
_btxt
_2rdacontent
337 _aunmediated
_bn
_2rdamedia
338 _avolume
_bnc
_2rdacarrier
650 4 _aالشيخوخة
_938839
999 _aA16351
_c19919
_d19919